Gaming Quiz

Random Gaming or Pokémon Quiz

Who's That Pokémon? (Gen. 1) Quiz Stats

 Plays Quiz Updated Oct 29, 2017

Challenge
Share
Tweet
Score 0/151 Timer 19:00
8 Plays Today
% Correct
Slowbro
92%
Metapod
78.5%
Zubat
74.6%
Nidoran♀
74.1%
Beedrill
68.7%
Vulpix
66.6%
Machamp
62.7%
Magneton
61.6%
Ekans
59.6%
Wartortle
58.8%
Persian
58%
Magikarp
57.7%
Electrode
57%
Snorlax
57%
Moltres
56.6%
Raticate
56.5%
Tentacool
56.3%
Venonat
55.9%
Gengar
55.3%
Raichu
54.7%
Electabuzz
54.4%
Flareon
54.3%
Chansey
53.7%
Pidgey
53.4%
Poliwag
52.6%
Omastar
52.5%
Charmander
52.3%
Jynx
52.2%
Meowth
51.2%
Venusaur
50.9%
Growlithe
50.8%
Horsea
50.3%
Slowpoke
50.1%
Porygon
50%
Cloyster
50%
Blastoise
49.9%
Psyduck
49.5%
Dragonite
48.7%
Seel
48.3%
Marowak
47.9%
Parasect
47.9%
Kadabra
47.9%
Bellsprout
47.7%
Clefable
47.6%
Bulbasaur
47.5%
Lickitung
47.4%
Onix
47.1%
Butterfree
46.7%
Muk
46.6%
Squirtle
46.5%
Fearow
46.3%
% Correct
Cubone
46.2%
Arbok
45.9%
Kabuto
45.7%
Drowzee
45.4%
Gastly
45.3%
Wigglytuff
44.9%
Pidgeot
44.8%
Articuno
44.3%
Tentacruel
44.1%
Magnemite
44%
Voltorb
43.9%
Poliwhirl
43.5%
Hitmonlee
43%
Mr. Mime
43%
Magmar
42.8%
Starmie
42.6%
Nidorina
42.5%
Nidoqueen
42.4%
Kakuna
42.4%
Graveler
42.3%
Dratini
42.3%
Dugtrio
42.1%
Vileplume
41.5%
Primeape
40.9%
Pikachu
40.8%
Sandslash
40.8%
Caterpie
40.7%
Tauros
39.9%
Mewtwo
39.8%
Arcanine
39.7%
Omanyte
39.6%
Rattata
39.4%
Paras
39.2%
Machop
39.1%
Rhydon
38.9%
Jolteon
38.8%
Venomoth
38.7%
Golbat
38.6%
Kingler
38.5%
Ditto
38.4%
Mew
37.7%
Golduck
37.6%
Abra
37.5%
Jigglypuff
37.3%
Dodrio
37%
Lapras
37%
Gloom
36.9%
Gyarados
36.8%
Victreebel
36.5%
Koffing
36.5%
Geodude
36.4%
% Correct
Charmeleon
36.4%
Pinsir
35.6%
Machoke
35.2%
Rapidash
34.8%
Farfetch'd
34.7%
Seaking
34.5%
Exeggcute
33.7%
Staryu
33.3%
Ivysaur
33.3%
Kabutops
33.1%
Eevee
33%
Sandshrew
33%
Clefairy
32.8%
Nidoran♂
32.8%
Vaporeon
32.4%
Scyther
32.4%
Krabby
32.3%
Kangaskhan
32.3%
Charizard
32.1%
Mankey
31.9%
Shellder
31.8%
Dragonair
31.6%
Weezing
31.6%
Ninetales
31.5%
Seadra
31.4%
Hitmonchan
31.3%
Rhyhorn
31.3%
Pidgeotto
31.3%
Weepinbell
30.9%
Spearow
30.6%
Zapdos
30.6%
Oddish
30.5%
Grimer
30.5%
Diglett
29.9%
Doduo
29.8%
Ponyta
29.4%
Weedle
29.2%
Nidoking
28.5%
Alakazam
28.5%
Haunter
28.3%
Hypno
28.1%
Dewgong
27.1%
Goldeen
27.1%
Nidorino
26.9%
Golem
26.8%
Poliwrath
25.8%
Aerodactyl
25.1%
Exeggutor
24.7%
Tangela
22.5%

You're not logged in!

Compare scores with friends on all Sporcle quizzes.
Join for Free
OR
Log In

You Might Also Like...

Show Comments

Extras

Top Quizzes Today


Score Distribution

Your Account Isn't Verified!

In order to create a playlist on Sporcle, you need to verify the email address you used during registration. Go to your Sporcle Settings to finish the process.

Report this User

Report this user for behavior that violates our Community Guidelines.

Details: